000 00460nam a2200169Ia 4500
005 20250923150243.0
008 008 250917s9999 xx 000 0 eng d
037 _aTextual
040 _aDSWL
_beng
_cDSWL
041 _aeng
_2eng
084 _aV2y7N89, P7
_qDSWL
245 0 _aOxford India Nehru
_cEd.by U Iyenger
260 _aNew Delhi
_b Oxford
_c2008
300 _a758 p.
942 _cTEXL
_hV2y7N89, P7
999 _c1461330
_d1461330